Score 0/20 Timer 02:00
32 Plays Today
% Correct
Russia
98.6%
Turkey
96.5%
China
96.2%
Iran
96%
Iraq
95.2%
Pakistan
91.8%
Afghanistan
91.3%
Syria
89.7%
India
89.6%
Turkmenistan
89.5%
% Correct
Kazakhstan
88.3%
Georgia
87.6%
Uzbekistan
87%
Azerbaijan
84.8%
Armenia
83.6%
Mongolia
82.2%
Ukraine
81.6%
Tajikistan
81.3%
Lebanon
78.8%
Kyrgyzstan
78.2%
Remove Ads.
Support Sporcle.
Get the best of Sporcle when you Go Orange. This ad-free experience offers more features, more stats, and more fun while also helping to support Sporcle. Thank you for becoming a member.

You're not logged in!

Compare scores with friends on all Sporcle quizzes.
OR
Log In

Show Comments

Extras

Top Quizzes Today


Score Distribution

Your Account Isn't Verified!

In order to create a playlist on Sporcle, you need to verify the email address you used during registration. Go to your Sporcle Settings to finish the process.

Report this User

Report this user for behavior that violates our Community Guidelines.

Details: